|
|
|
|
| LEADER |
01200nam a22003137a 4500 |
| 001 |
41745 |
| 003 |
BD-DhAAL |
| 005 |
20230921110413.0 |
| 008 |
230921t2010 enka|||| b||| 001 0 eng d |
| 020 |
|
|
|a 9780521141888
|
| 020 |
|
|
|a 9780521835312
|
| 040 |
|
|
|a BD-DhAAL
|d BD-DhAAL
|
| 082 |
|
|
|a 512
|2 22
|
| 100 |
|
|
|a Gannon, Terry.
|9 55533
|
| 245 |
|
|
|a Moonshine beyond the monster :
|b the bridge connecting algebra, modular forms and physics /
|c Terry Gannon.
|
| 260 |
|
|
|a Cambridge ;
|a United Kingdom :
|b Cambridge University Press,
|c 2010.
|
| 300 |
|
|
|a xi, 477 pages :
|b illustrations ;
|c 26 cm.
|
| 490 |
|
|
|a Cambridge monographs on mathematical physics.
|
| 500 |
|
|
|a First published 2006
|
| 504 |
|
|
|a Includes bibliographical references and index.
|
| 526 |
|
|
|a MNS
|
| 541 |
|
|
|a Trim Education
|e 41745
|
| 650 |
|
|
|a Finite groups.
|9 55534
|
| 650 |
|
|
|a Modular functions.
|9 55535
|
| 650 |
|
|
|a Vertex operator algebras.
|9 55536
|
| 650 |
|
|
|a Mathematical physics.
|9 55537
|
| 942 |
|
|
|2 ddc
|c BK
|
| 999 |
|
|
|c 44334
|d 44334
|
| 952 |
|
|
|0 0
|1 0
|2 ddc
|4 0
|6 512_000000000000000_GAN
|7 0
|9 74337
|a BRACUL
|b BRACUL
|c GEN
|d 2023-09-05
|e Trim education
|g 6500.00
|l 0
|o 512 GAN
|p 3010041745
|r 2023-09-05
|t 1
|v 6500.00
|w 2023-09-05
|y BK
|